000 01697nam a2200313Ia 4500
999 _c53020
_d53020
001 20053
003 GE_BSU
005 20250416113839.0
008 181216s2014||||ge |||||||||||||| ||geo||
020 _a978-9941-21-544-5
040 _cGE_BSU
041 _ageo
080 _a821.111-31 ო-65
100 _aორუელი, ჯ. (ჯორჯ, 1903-1950)
_924828
245 _aრჩეული ნაწარმოებები : 2 ტომად. ტ. 2. 1984 :
_b[რომანი] /
_cჯორჯ ორუელი ; რედ. მაია ალუდაური ; მთარგმნ. დათო აკრიანი.
264 _aთბილისი :
_bპალიტრა L,
_c2014.
300 _a352 გვ. ;
_c20 სმ.
490 _aჩემი რჩეული მსოფლიო, 2233-3886 / სარედ. ჯგ. : ზურაბ აბაშიძე [და სხვ.] ;
_vტ. 39
541 _h12 ლ.
653 _a1984
653 _aრჩეული ნაწარმოებები ტ. 2
700 _aაკრიანი, დ. (დათო)
_eმთარგმნელი
_924829
700 _aაბაშიძე, ზ. (ზურაბ)
_eრედაქტორი
_924830
700 _aასათიანი, თ. (თინათინ)
_eრედაქტორი
_924831
700 _aორაგველიძე, დ. (დავით)
_eრედაქტორი
_924832
700 _aჯანელიძე, მ. (მანანა)
_eრედაქტორი
_924833
700 _aალუდაური, მ. (მაია)
_eრედაქტორი
_924834
942 _cBK
_2udc